[Event "Vecindario Montalvo Memorial 16th"]
[Site "Vecindario"]
[Date "2024.03.24"]
[Round "2"]
[White "Garcia Cruz, Jose Manuel"]
[Black "Hernando Rodrigo, Jose Maria"]
[Result "0-1"]
[WhiteElo "1564"]
[BlackElo "2257"]
[PlyCount "52"]
[EventDate "2024.03.23"]
[EventType "swiss"]
[EventRounds "9"]
[EventCountry "ESP"]
[SourceTitle "CB15_2024"]
[SourceDate "2024.04.10"]
[SourceVersion "1"]
[SourceVersionDate "2024.04.10"]
[SourceQuality "1"]

1. Nf3 Nf6 2. b3 d5 3. Bb2 c5 4. d4 cxd4 5. Bxd4 Nc6 6. Bb2 Bg4 7. Ne5 Nxe5 8. Bxe5 e6 9. h3 Bh5 10. Qd4 Qa5+ 11. c3 Bc5 12. Qa4+ Qxa4 13. bxa4 0-0 14. e3 Rac8 15. Nd2 Bg6 16. Be2 Ba3 17. 0-0 Bb2 18. Rab1 Bxb1 19. Bxf6 Bg6 20. Bd4 Bxc3 21. Nb3 Bxd4 22. Nxd4 Rc5 23. Nb5 a6 24. Nd4 Rfc8 25. Nb3 Rc2 26. Bf3 Rxa2 0-1

[Event "Benidorm FEDC op 22th"]
[Site "Benidorm"]
[Date "2019.06.14"]
[Round "6"]
[White "Garcia Cruz, Jose Manuel"]
[Black "Arcas Rodriguez, Jordi"]
[Result "1-0"]
[WhiteElo "1337"]
[BlackElo "1565"]
[PlyCount "83"]
[EventDate "2019.06.09"]
[EventType "swiss"]
[EventRounds "7"]
[EventCountry "ESP"]
[SourceTitle "EXT 2024"]
[Source "ChessBase"]
[SourceDate "2023.10.10"]
[SourceVersion "1"]
[SourceVersionDate "2023.10.10"]
[SourceQuality "1"]

1. d4 Nf6 2. c4 e6 3. Nf3 d5 4. e3 c5 5. cxd5 Nxd5 6. Nc3 cxd4 7. Nxd5 Qxd5 8. Qxd4 Qxd4 9. Nxd4 a6 10. Bd2 Bd7 11. Be2 e5 12. Nb3 Nc6 13. a3 Be7 14. 0-0 Be6 15. Na5 Nxa5 16. Bxa5 Bd8 17. Bxd8 Rxd8 18. Rfd1 Ke7 19. Bf3 b6 20. Rac1 Rxd1+ 21. Rxd1 Rd8 22. Rxd8 Kxd8 23. Kf1 Kc7 24. Be2 a5 25. Ke1 Kd6 26. Kd2 Kc5 27. Kc3 h6 28. b4+ axb4+ 29. axb4+ Kc6 30. Bf3+ Bd5 31. e4 Be6 32. Be2 f5 33. exf5 Bxf5 34. f3 Be6 35. h3 g6 36. Bd3 Bf5 37. Be4+ Bxe4 38. fxe4 Kb5 39. g3 Ka4 40. Kc4 b5+ 41. Kc5 g5 42. g4 1-0

[Event "Benidorm FEDC op 22th"]
[Site "Benidorm"]
[Date "2019.06.09"]
[Round "1"]
[White "Ampudia Asensio, Jose Luis"]
[Black "Garcia Cruz, Jose Manuel"]
[Result "1-0"]
[WhiteElo "1641"]
[BlackElo "1337"]
[PlyCount "61"]
[EventDate "2019.06.09"]
[EventType "swiss"]
[EventRounds "7"]
[EventCountry "ESP"]
[SourceTitle "EXT 2024"]
[Source "ChessBase"]
[SourceDate "2023.10.10"]
[SourceVersion "1"]
[SourceVersionDate "2023.10.10"]
[SourceQuality "1"]

1. d4 Nf6 2. Nf3 g6 3. c4 Bg7 4. Nc3 0-0 5. e4 d6 6. Be2 Nbd7 7. 0-0 e5 8. Be3 b6 9. Qc2 Ng4 10. Bg5 Ngf6 11. Rad1 Qe8 12. Nb5 Bb7 13. Nxc7 Bxe4 14. Qd2 Qc8 15. Nxa8 Bxa8 16. Qb4 exd4 17. Bxf6 Nxf6 18. Nxd4 Re8 19. Rfe1 Bf8 20. Qa4 Re5 21. b4 Ne4 22. Qb3 Nf6 23. Nf3 Re7 24. Bf1 Rd7 25. Nd4 Nh5 26. g3 Qb7 27. f3 Re7 28. Qd3 Nf6 29. Rxe7 Qxe7 30. Qe2 Qd7 31. Re1 1-0

[Event "Liga Insular Gran Canaria 2a"]
[Site "Las Palmas"]
[Date "2019.05.18"]
[Round "7.2"]
[White "Molina Rodriguez, Jose"]
[Black "Garcia Cruz, Jose Manuel"]
[Result "0-1"]
[WhiteElo "1027"]
[BlackElo "1354"]
[PlyCount "59"]
[EventDate "2019.03.02"]
[EventType "team-tourn"]
[EventRounds "7"]
[EventCountry "ESP"]
[SourceTitle "EXT 2021"]
[Source "ChessBase"]
[SourceDate "2020.10.23"]
[SourceVersion "1"]
[SourceVersionDate "2020.10.23"]
[SourceQuality "1"]
[WhiteTeam "Sociedad La Montana V"]
[BlackTeam "Fundacion La Caja de Canarias III"]
[WhiteTeamCountry "ESP"]
[BlackTeamCountry "ESP"]

1. c4 Nf6 2. Nf3 g6 3. d4 Bg7 4. Nc3 0-0 5. e4 d6 6. Be2 Nbd7 7. Bf4 c5 8. e5 Nh5 9. Be3 cxd4 10. Bxd4 dxe5 11. Be3 Nf4 12. Bxf4 exf4 13. Qd2 Qa5 14. 0-0 Bxc3 15. bxc3 Qc7 16. Rfe1 Nf6 17. Bd3 Rd8 18. Qe2 Bg4 19. Rad1 Rd7 20. Qe5 Bxf3 21. Qxc7 Rxc7 22. gxf3 Rd8 23. Bf1 Rxd1 24. Rxd1 Rd7 25. Rxd7 Nxd7 26. Bh3 f5 27. Bf1 Nc5 28. Kg2 Na4 29. c5 Nxc3 30. Bc4+ 0-1

[Event "Liga Insular Gran Canaria 3a"]
[Site "Las Palmas"]
[Date "2019.04.27"]
[Round "6.1"]
[White "Garcia Cruz, Jose Manuel"]
[Black "Farina Vidal, Adrian"]
[Result "1/2-1/2"]
[WhiteElo "1354"]
[BlackElo "1321"]
[PlyCount "37"]
[EventDate "2019.03.02"]
[EventType "team-tourn"]
[EventRounds "9"]
[EventCountry "ESP"]
[SourceTitle "EXT 2021"]
[Source "ChessBase"]
[SourceDate "2020.10.23"]
[SourceVersion "1"]
[SourceVersionDate "2020.10.23"]
[SourceQuality "1"]
[WhiteTeam "Fundacion La Caja de Canarias VI"]
[BlackTeam "Hotel Avda de Canarias VI"]
[WhiteTeamCountry "ESP"]
[BlackTeamCountry "ESP"]

1. d4 d5 2. c4 e6 3. Nf3 c6 4. Nc3 Nf6 5. Bg5 Nbd7 6. e3 Qb6 7. Qb3 Bb4 8. Nd2 Bxc3 9. Qxc3 0-0 10. Be2 a6 11. 0-0 h6 12. Bh4 c5 13. Bxf6 Nxf6 14. dxc5 Qxc5 15. b4 Qc7 16. c5 b5 17. a4 Bd7 18. a5 Bc6 19. Nf3 1/2-1/2

[Event "ESP-ch FEDC 27th"]
[Site "Almunecar"]
[Date "2018.12.03"]
[Round "8"]
[White "Morales Rubiella, Albert"]
[Black "Garcia Cruz, Jose Manuel"]
[Result "1-0"]
[WhiteElo "1343"]
[BlackElo "1359"]
[PlyCount "97"]
[EventDate "2018.11.26"]
[EventType "swiss"]
[EventRounds "8"]
[EventCountry "ESP"]
[SourceTitle "EXT 2024"]
[Source "ChessBase"]
[SourceDate "2023.10.10"]
[SourceVersion "1"]
[SourceVersionDate "2023.10.10"]
[SourceQuality "1"]

1. d4 Nf6 2. c4 g6 3. Nc3 Bg7 4. Bg5 0-0 5. Qd2 d6 6. Bh6 Bxh6 7. Qxh6 Ng4 8. Qd2 Nd7 9. h3 Ngf6 10. Nf3 c5 11. e3 b6 12. Be2 Bb7 13. d5 e6 14. dxe6 fxe6 15. Qxd6 Re8 16. Ne5 Nxe5 17. Qxe5 Bxg2 18. Rh2 Bc6 19. Rd1 Qe7 20. Bg4 Nxg4 21. hxg4 Bf3 22. Rd2 Bxg4 23. Ne4 Rf8 24. Ng5 Rad8 25. Rxh7 Qxh7 26. Nxh7 Rxd2 27. Nf6+ Rxf6 28. Kxd2 Rxf2+ 29. Kc3 Rf3 30. Qe4 Bh5 31. Qxe6+ Rf7 32. a3 Kf8 33. b4 Re7 34. Qd6 cxb4+ 35. axb4 Ke8 36. e4 Rd7 37. Qc6 Ke7 38. c5 bxc5 39. bxc5 Kd8 40. Qf6+ Kc7 41. e5 a5 42. Qb6+ Kc8 43. Qxa5 Bf3 44. Qa6+ Kd8 45. Qxg6 Be2 46. Qf6+ Kc7 47. Qg6 Rd3+ 48. Qxd3 Bxd3 49. Kxd3 1-0

[Event "ESP-ch FEDC 27th"]
[Site "Almunecar"]
[Date "2018.11.29"]
[Round "4"]
[White "Garcia Cruz, Jose Manuel"]
[Black "Calvente Aldehuela, Antonia"]
[Result "1-0"]
[WhiteElo "1359"]
[BlackElo "1302"]
[PlyCount "103"]
[EventDate "2018.11.26"]
[EventType "swiss"]
[EventRounds "8"]
[EventCountry "ESP"]
[SourceTitle "EXT 2024"]
[Source "ChessBase"]
[SourceDate "2023.10.10"]
[SourceVersion "1"]
[SourceVersionDate "2023.10.10"]
[SourceQuality "1"]

1. d4 Nf6 2. c4 e6 3. Nf3 c6 4. a3 Be7 5. Bf4 d5 6. e3 dxc4 7. Bxc4 b5 8. Bd3 0-0 9. b4 a5 10. Nc3 axb4 11. axb4 Rxa1 12. Qxa1 Bxb4 13. Bxb8 Qa5 14. Qxa5 Bxa5 15. Kd2 b4 16. Na4 Bb7 17. Bd6 Rd8 18. Be7 Ra8 19. Bxf6 gxf6 20. Kc2 Ba6 21. Be4 Bb5 22. Nc5 f5 23. Bd3 Bxd3+ 24. Nxd3 f6 25. Kb3 Rb8 26. Ra1 Rb5 27. Nd2 e5 28. Nc4 e4 29. Nf4 Bb6 30. Ra6 Bc7 31. Ra4 Bxf4 32. exf4 Rd5 33. Ne3 Rxd4 34. Rxb4 Rd2 35. Nxf5 Rxf2 36. Rxe4 Rxg2 37. h4 h5 38. Ne7+ Kf7 39. Nxc6 Rg4 40. Kc4 Rxh4 41. Nd8+ Kg6 42. f5+ Kg5 43. Nf7+ Kxf5 44. Rxh4 Kg6 45. Nd6 Kg5 46. Rh1 Kg4 47. Rg1+ Kh3 48. Nf5 Kh2 49. Rg6 Kh3 50. Kd4 h4 51. Nxh4 Kxh4 52. Rxf6 1-0

[Event "Gran Canaria Cabildo op"]
[Site "Gran Canaria"]
[Date "2018.03.16"]
[Round "4"]
[White "Garcia Cruz, Jose Manuel"]
[Black "Rivero Pena, Gara del Pino"]
[Result "1/2-1/2"]
[WhiteElo "1359"]
[BlackElo "1644"]
[PlyCount "77"]
[EventDate "2018.03.06"]
[EventType "swiss"]
[EventRounds "7"]
[EventCountry "ESP"]
[SourceTitle "CBM 183 Extra"]
[Source "ChessBase"]
[SourceDate "2018.04.19"]
[SourceVersion "1"]
[SourceVersionDate "2018.04.19"]
[SourceQuality "1"]

1. d4 Nf6 2. c4 c5 3. d5 e6 4. Nc3 exd5 5. cxd5 d6 6. Nf3 g6 7. e4 Bg7 8. Be2 0-0 9. 0-0 Re8 10. Qc2 a6 11. a4 Nbd7 12. Bf4 Nf8 13. Rfe1 Bg4 14. h3 Bxf3 15. Bxf3 Qc7 16. Nd1 N8d7 17. Ne3 Ne5 18. Be2 Nfd7 19. Nc4 Nxc4 20. Bxc4 Ne5 21. Rab1 Qe7 22. b4 b6 23. bxc5 bxc5 24. Rb6 a5 25. Bb5 Reb8 26. Rxb8+ Rxb8 27. Bg3 Rc8 28. Qd2 Ra8 29. Rb1 Qc7 30. f4 Nd7 31. Bc6 Rb8 32. Rxb8+ Nxb8 33. Bb5 c4 34. e5 c3 35. Qc2 dxe5 36. fxe5 Bxe5 37. Bxe5 Qxe5 38. d6 Qxd6 39. Qxc3 1/2-1/2

[Event "Las Palmas Insular-chT Segunda 1718"]
[Site "Las Palmas"]
[Date "2017.11.11"]
[Round "2.3"]
[White "Garcia Cruz, Jose Manuel"]
[Black "Banda Bustamante, Roberto"]
[Result "1-0"]
[WhiteElo "1366"]
[BlackElo "1363"]
[PlyCount "55"]
[EventDate "2017.10.28"]
[EventType "team-swiss"]
[EventRounds "9"]
[EventCountry "ESP"]
[SourceTitle "EXT 2019"]
[Source "ChessBase"]
[SourceDate "2018.10.10"]
[SourceVersion "1"]
[SourceVersionDate "2018.10.10"]
[SourceQuality "1"]
[WhiteTeam "Fundacion La Caja de Canarias IV"]
[BlackTeam "Panaderia Pulido San Mateo IV"]
[WhiteTeamCountry "ESP"]
[BlackTeamCountry "ESP"]

1. d4 d5 2. c4 Nf6 3. Nc3 e6 4. Bg5 Be7 5. Nf3 Nc6 6. e3 b6 7. cxd5 exd5 8. Bb5 Bb7 9. Qa4 Qd6 10. Ne5 Nd7 11. Bxe7 Kxe7 12. Nxc6+ Bxc6 13. Bxc6 Rad8 14. Bxd5 Rhe8 15. Qb3 c5 16. Bxf7 Rf8 17. Nd5+ Kxf7 18. Nxb6+ Ke7 19. Nxd7 Rxd7 20. 0-0 cxd4 21. exd4 Rf4 22. Rae1+ Kd8 23. Re6 Qc7 24. Rfe1 Rf8 25. Qb4 Qf4 26. R6e2 h5 27. g3 Qc7 28. Qxf8# 1-0

[Event "Las Palmas Insular-chT Segunda 1718"]
[Site "Las Palmas"]
[Date "2017.10.28"]
[Round "1.4"]
[White "Garcia Cruz, Jose Manuel"]
[Black "De Leon Navarro, Claudio"]
[Result "0-1"]
[WhiteElo "1366"]
[BlackElo "1787"]
[PlyCount "75"]
[EventDate "2017.10.28"]
[EventType "team-swiss"]
[EventRounds "9"]
[EventCountry "ESP"]
[SourceTitle "EXT 2019"]
[Source "ChessBase"]
[SourceDate "2018.10.10"]
[SourceVersion "1"]
[SourceVersionDate "2018.10.10"]
[SourceQuality "1"]
[WhiteTeam "Fundacion La Caja de Canarias IV"]
[BlackTeam "Hotel Avda de Canarias III"]
[WhiteTeamCountry "ESP"]
[BlackTeamCountry "ESP"]

1. d4 Nf6 2. c4 e5 3. dxe5 Ng4 4. Nf3 Bc5 5. e3 Nc6 6. e6 fxe6 7. h3 Nf6 8. a3 a5 9. Bd3 0-0 10. 0-0 d6 11. Nc3 Bd7 12. Qc2 Qc8 13. Ng5 h6 14. Nge4 Ba7 15. Nxf6+ Rxf6 16. Ne4 Rf8 17. Ng3 Ne5 18. Be4 c6 19. Nh5 d5 20. Bh7+ Kh8 21. Nf4 Be8 22. Ng6+ Bxg6 23. Bxg6 Nxc4 24. b3 Ne5 25. Bb2 Nxg6 26. Qxg6 Qd7 27. Qxh6+ Kg8 28. Qg6 Qf7 29. Qd3 Rae8 30. Rac1 e5 31. Qd2 Bb6 32. a4 Qf5 33. Ba3 Rf6 34. Bc5 Bc7 35. b4 Rg6 36. bxa5 Qxh3 37. f3 Kf7 38. Kf2 0-1

[Event "Santa Cruz qual ONCE"]
[Site "Santa Cruz de Tenerife"]
[Date "2017.09.??"]
[Round "5.2"]
[White "Riutort Aguilar, Francisco"]
[Black "Garcia Cruz, Jose Manuel"]
[Result "1/2-1/2"]
[WhiteElo "1526"]
[BlackElo "1369"]
[PlyCount "22"]
[EventDate "2017.09.01"]
[EventType "tourn"]
[EventRounds "6"]
[EventCountry "ESP"]
[SourceTitle "EXT 2024"]
[Source "ChessBase"]
[SourceDate "2023.10.10"]
[SourceVersion "1"]
[SourceVersionDate "2023.10.10"]
[SourceQuality "1"]

1. d4 Nf6 2. c4 g6 3. Nc3 Bg7 4. Nf3 0-0 5. Qc2 d6 6. Bg5 Nbd7 7. e4 c5 8. d5 Qa5 9. Bd3 Re8 10. 0-0 Ng4 11. h3 Nge5 1/2-1/2

[Event "Gran Canaria Galdos op 2nd"]
[Site "Gran Canaria"]
[Date "2017.05.04"]
[Round "2"]
[White "Segura Acosta, Rafael"]
[Black "Garcia Cruz, Jose Manuel"]
[Result "0-1"]
[WhiteElo "1101"]
[BlackElo "1346"]
[PlyCount "100"]
[EventDate "2017.05.03"]
[EventType "swiss"]
[EventRounds "5"]
[EventCountry "ESP"]
[SourceTitle "CBM 178 Extra"]
[Source "ChessBase"]
[SourceDate "2017.06.22"]
[SourceVersion "1"]
[SourceVersionDate "2017.06.22"]
[SourceQuality "1"]

1. e4 d5 2. exd5 Qxd5 3. Nc3 Qa5 4. d4 Nf6 5. Bc4 c6 6. Bd2 Qc7 7. Nf3 Bg4 8. h3 Bh5 9. Bg5 Nbd7 10. g4 Bg6 11. Bd3 0-0-0 12. Qd2 e6 13. a3 Bd6 14. 0-0-0 h6 15. Be3 Bxd3 16. Qxd3 Nb6 17. Ne4 Nxe4 18. Qxe4 Nc4 19. Kb1 Qb6 20. b3 Nxa3+ 21. Ka2 Qa5 22. Kb2 Qb5 23. Qd3 Nc4+ 24. Qxc4 Qxc4 25. bxc4 f6 26. Ra1 a6 27. c5 Be7 28. Nh4 f5 29. Ng6 Rhe8 30. Nxe7+ Rxe7 31. g5 h5 32. c3 g6 33. Bf4 Red7 34. Rhe1 Re8 35. Kb3 Kd8 36. Ra2 Ke7 37. Rae2 Kf7 38. Rd1 Rd5 39. c4 Rd7 40. Kb4 Red8 41. Be5 Re8 42. Bf6 Rc7 43. Rde1 Rd7 44. Kc3 Rc7 45. Be5 Rd7 46. Kb4 Rde7 47. Ka5 Rd7 48. Kb6 Ra8 49. Rd1 a5 50. Bd6 Ra6# 0-1

[Event "Almunecar FEDC op 17th"]
[Site "Almunecar"]
[Date "2016.09.29"]
[Round "5"]
[White "San Isidoro Castillo, Jose"]
[Black "Garcia Cruz, Jose Manuel"]
[Result "0-1"]
[WhiteElo "1444"]
[BlackElo "1362"]
[PlyCount "78"]
[EventDate "2016.09.25"]
[EventType "swiss"]
[EventRounds "7"]
[EventCountry "ESP"]
[SourceTitle "EXT 2017"]
[Source "ChessBase"]
[SourceDate "2016.10.25"]
[SourceVersion "1"]
[SourceVersionDate "2016.10.25"]
[SourceQuality "1"]

1. e4 d5 2. exd5 Qxd5 3. Nc3 Qa5 4. d4 c6 5. Nf3 Bg4 6. Be2 Nf6 7. 0-0 e6 8. a3 Nbd7 9. Bf4 h6 10. Ne5 Bf5 11. Nxd7 Nxd7 12. Bd3 Bxd3 13. Qxd3 Nf6 14. Rfe1 Be7 15. b4 Qd8 16. Ne4 Nxe4 17. Rxe4 Bd6 18. Bxd6 Qxd6 19. Qe2 0-0 20. c4 Rad8 21. Rd1 b6 22. h3 Rfe8 23. g4 Kf8 24. Qe3 Kg8 25. Kg2 Qc7 26. Qg3 Qe7 27. h4 Qb7 28. f3 Rd7 29. Kf2 Qa6 30. f4 Qxc4 31. Qe3 Qb5 32. Rc1 Rd6 33. f5 Qd5 34. h5 f6 35. Re1 Kf7 36. Kf3 a5 37. bxa5 bxa5 38. Qd3 exf5 39. gxf5 Qxf5+ 0-1

[Event "Benidorm FEDC op 16th"]
[Site "Benidorm"]
[Date "2016.06.18"]
[Round "7.15"]
[White "Mena Lena, Antonio"]
[Black "Garcia Cruz, Jose Manuel"]
[Result "0-1"]
[WhiteElo "1296"]
[BlackElo "1356"]
[PlyCount "76"]
[EventDate "2016.06.12"]
[EventType "swiss"]
[EventRounds "7"]
[EventCountry "ESP"]
[SourceTitle "EXT 2024"]
[Source "ChessBase"]
[SourceDate "2023.10.10"]
[SourceVersion "1"]
[SourceVersionDate "2023.10.10"]
[SourceQuality "1"]

1. e4 d5 2. exd5 Qxd5 3. Nc3 Qa5 4. Nf3 Bg4 5. Qe2 c6 6. d4 Nf6 7. Qe5 Qd8 8. h3 Bxf3 9. gxf3 Nbd7 10. Qg3 Nb6 11. Be3 Nbd5 12. Nxd5 Nxd5 13. Bc4 Nb4 14. 0-0-0 Rc8 15. a3 Nd5 16. c3 g6 17. Rhe1 Bg7 18. f4 0-0 19. Bd3 e6 20. f5 exf5 21. Bxf5 gxf5 22. Bh6 Qf6 23. Bg5 Qg6 24. h4 h6 25. Be7 Rfe8 26. Bd6 Nf6 27. Be5 Ne4 28. Qxg6 fxg6 29. f3 Nf6 30. f4 Ne4 31. Rg1 Nf2 32. Rd2 Ng4 33. Re2 h5 34. Rge1 Bxe5 35. dxe5 Re6 36. Rd2 Rce8 37. Rd6 Rxd6 38. exd6 Rxe1+ 0-1

[Event "Benidorm FEDC op 16th"]
[Site "Benidorm"]
[Date "2016.06.14"]
[Round "3.11"]
[White "Garcia Andrinal, Antonio"]
[Black "Garcia Cruz, Jose Manuel"]
[Result "1/2-1/2"]
[WhiteElo "1682"]
[BlackElo "1356"]
[PlyCount "68"]
[EventDate "2016.06.12"]
[EventType "swiss"]
[EventRounds "7"]
[EventCountry "ESP"]
[SourceTitle "EXT 2024"]
[Source "ChessBase"]
[SourceDate "2023.10.10"]
[SourceVersion "1"]
[SourceVersionDate "2023.10.10"]
[SourceQuality "1"]

1. e4 d5 2. exd5 Qxd5 3. Nc3 Qa5 4. d4 c6 5. Bc4 Nf6 6. Nf3 Bg4 7. Qe2 Qh5 8. Qe5 Qxe5+ 9. Nxe5 e6 10. Bg5 Bf5 11. 0-0-0 Ne4 12. Nxe4 Bxe4 13. Rhe1 Bd5 14. Bxd5 cxd5 15. Nd3 Nc6 16. Nf4 Be7 17. Bxe7 Nxe7 18. Re2 0-0 19. Rd3 Rac8 20. g4 Rc7 21. Red2 Rfc8 22. Ne2 Nc6 23. a3 Na5 24. Kb1 Nc4 25. Rd1 Nxb2 26. Kxb2 Rxc2+ 27. Kb3 Rxe2 28. R1d2 Rxd2 29. Rxd2 Kf8 30. Rd3 Rc4 31. h3 Ke7 32. h4 f6 33. f4 b5 34. Kb2 a6 1/2-1/2